Missing Word: September Days Quiz Stats

 Plays Quiz Updated Sep 3, 2017

Challenge
Share
Tweet
Embed
Score 0/30 Timer 05:00
0 Plays Today
Hint Answer % Correct
National Teddy _____ DayBear
93.3%
No News Is _____ News DayGood
93.3%
National Macadamia _____ DayNut
92.8%
National Thank A _____ Officer DayPolice
92.2%
International Day for the Preservation of the Ozone _____Layer
91%
National One-Hit _____ DayWonder
89.5%
Ask a Stupid _____ DayQuestion
88.1%
Hug a Greeting _____ Writer DayCard
87.7%
National Corned _____ Hash DayBeef
86.8%
_____ Like a Pirate DayTalk
81.8%
National No Rhyme Nor _____ DayReason
80.3%
Restless _____ Syndrome Awareness DayLegs
80.2%
Shamu the _____ DayWhale
80.1%
Coffee Ice _____ DayCream
74.2%
National Cream-Filled _____ DayDonut
66.5%
Hint Answer % Correct
_____-Doo DayScooby
66.3%
National Hot Mulled _____ DayCider
64.3%
_____ - Track Tape Day8
63.4%
Autumnal _____Equinox
59%
Virgin _____ DayMary
58.8%
Video _____ DayGames
58.1%
Feast Day of Mother _____Teresa
56.8%
National _____ Rarebit DayWelsh
55.3%
National Bluebird of _____ DayHappiness
39.3%
Grandma _____ DayMoses
35.9%
National _____ Your Hound DayHug
33%
Miniature _____ DayGolf
29.7%
National _____ Backpack Awareness DaySchool
25.6%
National Good _____ DayNeighbor
18%
National Blueberry _____ DayPopsicle
11.7%

Today's Daily Dose

You're not logged in!

Compare scores with friends on all Sporcle quizzes.
Join for Free
OR
Log In

You Might Also Like...

Show Comments

Extras

Top Quizzes Today


Score Distribution

Your Account Isn't Verified!

In order to create a playlist on Sporcle, you need to verify the email address you used during registration. Go to your Sporcle Settings to finish the process.

Report this User

Report this user for behavior that violates our Community Guidelines.

Details: